Statistics for Who's That? Jenna Ortega Edition

Click here to take the quiz!

General Stats

  • This quiz has been taken 51 times
  • The average score is 7 of 16

Answer Stats

Answer% Correct
Wednesday Addams
96%
Tara Carpenter
85%
Vada Cavell
70%
Katie Torres
63%
Harley Diaz
59%
Lorraine Day
48%
Phoebe Atwell
48%
Ellie Alves
44%
Camila Montes
37%
skye willow
26%
Darcy
19%
Dawn
19%
Young Jane
15%
Olivia
11%
Vice President's Daughter
11%
Mary Ann
7%

Score Distribution

Percentile by Number Answered

Percent of People with Each Score

Your Score History

You have not taken this quiz